000 01082pam a2200337 a 4500
001 6361
003 FISKH
005 20250424085805.0
008 820524s1983 nyua j 000 1 eng
010 _a 82009577
020 _a089919138X
020 _a9780899193137
040 _aDLC
_cDLC
_dDLC
_beng
050 _aPZ7.B91527 V
082 _a394.2618
100 1 _aBunting, Eve,
_d1928-
245 1 4 _aThe Valentine bears /
_cby Eve Bunting ; pictures by Jan Brett.
260 _aNew York :
_bScholastic,
_c1983.
300 _a32 unnumbered pages :
_bcolor illustrations ;
_c22 x 24 cm.
505 _aN
520 _aMrs. Bear plans a surprise Valentine's Day celebration for Mr. Bear despite their usual hibernating habits at that time of year.
521 8 _a560
_bLexile AD
521 8 _aN
_bRaz-Plus
650 1 _aBears
_xFiction.
650 1 _aValentine's Day
_xFiction.
650 1 _aHibernation
_xFiction.
700 1 _aBrett, Jan,
_d1949-
_eillustrator
906 _a7
_bcbc
_corignew
_d1
_eocip
_f19
_gy-gencatlg
942 _2ddc
_cBK
_n0
999 _c6361
_d6361